The Changing World : (Record no. 608960)

MARC details
000 -LEADER
fixed length control field 00506nam a2200193 a 4500
008 - FIXED-LENGTH DATA ELEMENTS--GENERAL INFORMATION
fixed length control field 260122s1996##################000#0#eng##
020 ## - INTERNATIONAL STANDARD BOOK NUMBER
ISBN 9780521562355
082 04 - DEWEY DECIMAL CLASSIFICATION NUMBER
Classification number 303.4
Item number FAR
100 1# - MAIN ENTRY--AUTHOR NAME
Personal name Fara, Patricia,
245 10 - TITLE STATEMENT
Title The Changing World :
260 ## - PUBLICATION, DISTRIBUTION, ETC. (IMPRINT)
Name of publisher Cambridge University Press,
Year of publication 1996.
300 ## - PHYSICAL DESCRIPTION
Number of Pages 214 pages
650 #0 - SUBJECT ADDED ENTRY--TOPICAL TERM
Topical Term Political Science.
942 ## - ADDED ENTRY ELEMENTS (KOHA)
Koha item type English Books
Holdings
Withdrawn status Lost status Damaged status Not for loan Home library Current library Shelving location Date acquired Full call number Accession Number Price effective from Koha item type
        Anna Centenary Library Anna Centenary Library 3RD FLOOR, B WING 23.01.2026 303.4 FAR 104930 23.01.2026 English Books

Find us on the map